• 首页
  • 本馆介绍
  • 公告通知
  • 最新文献
  • 馆藏检索
  • 电子资源
  • 读者导购
  • 参考咨询
  • 我的图书馆
  • 登录
  • 详细信息显示
  • 放入我的书架
  • 预约/预借图书
  • 作者相关作品
  • 分类相关作品
  • 丛书相关作品
  • 出版社相关作品

书目信息

  • 表格格式
  • 工作单格式
  • 卡片格式
题名:
电影的意义
    
 
作者: 梅茨 著 ;刘森尧 译
分册:  
出版信息: 南京   江苏教育出版社  2005
页数: 226页
开本: 21cm
丛书名: 电影馆
单 册:
中图分类: J90-05
科图分类:
主题词: 电影符号学
电子资源:
ISBN: 7-5343-6508-2
000 00876oam2 2200265 450
001 1234950646
005 20121019094335.80
010    @a7-5343-6508-2@dCNY15.80
100    @a20051115d2005 em y0chiy50 ea
101 1  @achi@cfre
102    @aCN@b320000
105    @ay z 001yy
200 1  @a电影的意义@Adian ying de yi yi@f(法)克里斯蒂安·梅茨著@g刘森尧译
210    @a南京@c江苏教育出版社@d2005
215    @a226页@d21cm
225 2  @a电影馆@i电影理论系列
330    @a本书作者在电影与语言间千丝万缕的纠葛中理出了某些可凭借的脉络,在符号学所关注的各个电影特质上作了多样且相互辩证的分析。
461  0 @12001 @a电影馆
462  0 @12001 @a电影理论系列
606 0  @a电影符号学
690    @aJ90-05@v4
701  1 @c(法)@a梅茨@Amei ci@c(Matz, Christian@f1931~1993)@4著
702  0 @a刘森尧@Aliu sen yao@4译
801  0 @aCN@bNLC@c20101222
905    @a10447@dJ90-05@eJY21
    
    电影的意义/(法)克里斯蒂安·梅茨著/刘森尧译.-南京:江苏教育出版社,2005
    226页;21cm.-(电影馆.电影理论系列)
    
    
    ISBN 7-5343-6508-2:CNY15.80
    本书作者在电影与语言间千丝万缕的纠葛中理出了某些可凭借的脉络,在符号学所关注的各个电影特质上作了多样且相互辩证的分析。
●
相关链接 在E读中查询图书 在五车中查询图书 在当当中查询图书 在豆瓣中查询图书


正题名:电影的意义     索取号:J90-05/JY21         预约/预借

序号 登录号 条形码 馆藏地/架位号 状态 备注
1 7834951   278349510   学院路分馆/ [索取号:J90-05/JY21] 在馆    
2 7834952   278349529   学院路分馆/ [索取号:J90-05/JY21] 在馆    
3 7834953   278349538   学院路分馆/ [索取号:J90-05/JY21] 在馆    
4 7834954   278349547   学院路分馆/ [索取号:J90-05/JY21] 在馆    
唐山师范学院图书馆 欢迎您!
大连网信软件有限公司© 版权所有